[Event "Novi Sad Serbia op-B"]
[Site "Novi Sad"]
[Date "2022.07.02"]
[Round "5"]
[White "Cosic, Jovan"]
[Black "Bulajic, Ratko"]
[Result "1-0"]
[WhiteElo "1895"]
[BlackElo "1979"]
[PlyCount "69"]
[EventDate "2022.06.28"]
[EventType "swiss"]
[EventRounds "9"]
[EventCountry "SRB"]
[SourceTitle "EXT 2023"]
[Source "ChessBase"]
[SourceDate "2022.10.05"]
[SourceVersion "1"]
[SourceVersionDate "2022.10.05"]
[SourceQuality "1"]

1. e4 c5 2. Nf3 d6 3. d4 cxd4 4. Nxd4 Nf6 5. Nc3 a6 6. h3 e5 7. Nde2 Be6 8. g4 Nc6 9. Bg2 Be7 10. Be3 Rc8 11. 0-0 Nd7 12. Nd5 Bg5 13. Qd2 h6 14. Rfd1 0-0 15. Bxg5 hxg5 16. Ne3 Qb6 17. Qxd6 Rfd8 18. Qa3 Nd4 19. Nc3 Nf6 20. Kh1 Nxc2 21. Nxc2 Qxf2 22. Ne1 Rxd1 23. Rxd1 Bxg4 24. hxg4 Nxg4 25. Nf3 Rc6 26. Rd8+ Kh7 27. Nxg5+ Kg6 28. Nf3 Ne3 29. Rd2 Qg3 30. Qe7 Kh7 31. Qg5 Rh6+ 32. Kg1 Ng4 33. Nd1 g6 34. Nf2 Rh2 35. Nxg4 1-0

[Event "Paracin op 01"]
[Site "Paracin"]
[Date "2022.01.18"]
[Round "2"]
[White "Cosic, Jovan"]
[Black "Varlan, Hervig Ioan"]
[Result "1/2-1/2"]
[WhiteElo "1831"]
[BlackElo "2096"]
[PlyCount "90"]
[EventDate "2022.01.17"]
[EventType "swiss"]
[EventRounds "9"]
[EventCountry "SRB"]
[SourceTitle "CBM 206 Extra"]
[Source "ChessBase"]
[SourceDate "2022.03.31"]
[SourceVersion "1"]
[SourceVersionDate "2022.03.31"]
[SourceQuality "1"]

1. e4 c5 2. Nf3 a6 3. Nc3 d6 4. d4 cxd4 5. Nxd4 Nf6 6. Bg5 e6 7. f4 Be7 8. Qf3 Qc7 9. 0-0-0 Nc6 10. g4 Bd7 11. Nb3 0-0-0 12. Bh4 h6 13. Bg3 Na5 14. Nd4 Nc6 15. Bg2 Nxd4 16. Rxd4 e5 17. Nd5 Nxd5 18. Rxd5 Bc6 19. Rd3 exf4 20. Bxf4 Bf6 21. Rhd1 Qa5 22. Ra3 Qc5 23. Rad3 Bg5 24. Kb1 Bxf4 25. Qxf4 Qe5 26. Qxe5 dxe5 27. Rxd8+ Rxd8 28. Rxd8+ Kxd8 29. Kc1 Ke7 30. Kd2 g6 31. Ke3 f5 32. gxf5 gxf5 33. Bf3 f4+ 34. Kd2 Kf6 35. h4 Kg6 36. Kd3 h5 37. c4 Bd7 38. b4 Bg4 39. Ke2 Bd7 40. Kd3 b5 41. cxb5 axb5 42. a3 Bh3 43. Kc3 Bf1 44. Kd2 Bc4 45. Kc3 Be6 1/2-1/2

[Event "Paracin op 01"]
[Site "Paracin"]
[Date "2022.01.18"]
[Round "3"]
[White "Ivic, Matija"]
[Black "Cosic, Jovan"]
[Result "1-0"]
[WhiteElo "2258"]
[BlackElo "1831"]
[PlyCount "55"]
[EventDate "2022.01.17"]
[EventType "swiss"]
[EventRounds "9"]
[EventCountry "SRB"]
[SourceTitle "CBM 206 Extra"]
[Source "ChessBase"]
[SourceDate "2022.03.31"]
[SourceVersion "1"]
[SourceVersionDate "2022.03.31"]
[SourceQuality "1"]

1. Nf3 d5 2. c4 d4 3. g3 Nc6 4. Bg2 e5 5. d3 Bb4+ 6. Bd2 a5 7. 0-0 Nf6 8. Na3 0-0 9. Nc2 Bd6 10. e3 Bg4 11. exd4 exd4 12. h3 Bh5 13. a3 Re8 14. b4 axb4 15. axb4 Rxa1 16. Qxa1 Re2 17. Rd1 Bg6 18. Ncxd4 Nxd4 19. Nxd4 Re8 20. Bc3 Nd7 21. Bxb7 c5 22. Nb5 Bb8 23. Bc6 Re2 24. Bf3 Re8 25. d4 cxb4 26. Bxb4 Qg5 27. Re1 Rc8 28. Qa6 1-0

[Event "Belgrade Trophy 35th"]
[Site "Belgrade"]
[Date "2021.11.28"]
[Round "5"]
[White "Cosic, Jovan"]
[Black "Milinkovic, Nikola"]
[Result "1-0"]
[WhiteElo "1819"]
[BlackElo "1940"]
[PlyCount "54"]
[EventDate "2021.11.24"]
[EventType "swiss"]
[EventRounds "9"]
[EventCountry "SRB"]
[SourceTitle "CBM 205 Extra"]
[Source "ChessBase"]
[SourceDate "2022.01.31"]
[SourceVersion "1"]
[SourceVersionDate "2022.01.31"]
[SourceQuality "1"]

1. e4 c5 2. Nf3 d6 3. d4 cxd4 4. Nxd4 Nf6 5. Nc3 a6 6. Bg5 e6 7. f4 Be7 8. Qf3 Nbd7 9. 0-0-0 h6 10. Bh4 g5 11. fxg5 Ne5 12. gxf6 Nxf3 13. fxe7 Qa5 14. Nxf3 Bd7 15. Bc4 Rc8 16. Bb3 Rc6 17. e5 d5 18. Nxd5 exd5 19. Rxd5 Rc5 20. Rxd7 Kxd7 21. Rd1+ Kc7 22. Rd8 Rxe5 23. Rxh8 Qb5 24. Bg3 Qf1+ 25. Ne1 Qxe1+ 26. Bxe1 Rxe1+ 27. Kd2 Rxe7 1-0

[Event "Belgrade Trophy 35th"]
[Site "Belgrade"]
[Date "2021.11.25"]
[Round "2"]
[White "Cosic, Jovan"]
[Black "Dumbelovic, Novak"]
[Result "1-0"]
[WhiteElo "1819"]
[BlackElo "1608"]
[PlyCount "97"]
[EventDate "2021.11.24"]
[EventType "swiss"]
[EventRounds "9"]
[EventCountry "SRB"]
[SourceTitle "CBM 205 Extra"]
[Source "ChessBase"]
[SourceDate "2022.01.31"]
[SourceVersion "1"]
[SourceVersionDate "2022.01.31"]
[SourceQuality "1"]

1. e4 c5 2. Nf3 d6 3. d4 cxd4 4. Nxd4 Nf6 5. Nc3 g6 6. Be3 Bg7 7. f3 0-0 8. Qd2 Nc6 9. 0-0-0 Bd7 10. g4 Rc8 11. Be2 Ne5 12. h4 Qa5 13. Kb1 Rxc3 14. Qxc3 Qxc3 15. bxc3 d5 16. Bf4 Nc6 17. e5 Ne8 18. Nxc6 Bxc6 19. h5 Nc7 20. h6 Bh8 21. Bg3 Ne6 22. Rhf1 Nc5 23. Bf2 Na4 24. Bd4 f6 25. f4 b5 26. Bd3 Rb8 27. a3 a5 28. Ka2 Nb6 29. g5 Nd7 30. Rde1 f5 31. Rb1 Nf8 32. Rb2 Ne6 33. Be3 Kf8 34. Rfb1 Rc8 35. a4 d4 36. cxd4 Bd5+ 37. Ka1 b4 38. Rc1 Rc3 39. Rd1 Bf3 40. Rf1 Bg2 41. Rg1 Bd5 42. Kb1 Ra3 43. Kc1 Rxa4 44. Kd2 Ra3 45. Rbb1 Rc3 46. Ra1 Rc7 47. Rxa5 Bb7 48. Rb1 Nd8 49. Rxb4 1-0

[Event "Belgrade Trophy 35th"]
[Site "Belgrade"]
[Date "2021.11.24"]
[Round "1"]
[White "Abramovic, Bosko"]
[Black "Cosic, Jovan"]
[Result "1-0"]
[WhiteElo "2274"]
[BlackElo "1819"]
[PlyCount "67"]
[EventDate "2021.11.24"]
[EventType "swiss"]
[EventRounds "9"]
[EventCountry "SRB"]
[SourceTitle "CBM 205 Extra"]
[Source "ChessBase"]
[SourceDate "2022.01.31"]
[SourceVersion "1"]
[SourceVersionDate "2022.01.31"]
[SourceQuality "1"]

1. Nf3 d5 2. g3 Nc6 3. Bg2 e5 4. d3 Nf6 5. 0-0 Bc5 6. Bg5 h6 7. Bxf6 Qxf6 8. Nc3 Be6 9. e4 d4 10. Nd5 Qd8 11. c3 0-0 12. b4 Bd6 13. b5 Nb8 14. cxd4 exd4 15. Nxd4 Bxd5 16. exd5 Be5 17. Nf5 Bxa1 18. Qxa1 Qf6 19. Qxf6 gxf6 20. d6 c6 21. d4 a6 22. bxc6 Nxc6 23. Bxc6 bxc6 24. Ne7+ Kg7 25. Nxc6 f5 26. Rb1 Kf6 27. d5 f4 28. Kg2 Kf5 29. Kf3 fxg3 30. hxg3 a5 31. a4 Rfe8 32. d7 Red8 33. Nxd8 Rxd8 34. Rb5 1-0